Le paupérisme et les associations de prévoyance (Record no. 157290)

MARC details
000 -LEADER
campo de control de longitud fija 00946nam a22002175i 4500
001 - NÚMERO DE CONTROL
campo de control 157290
003 - IDENTIFICADOR DE NÚMERO DE CONTROL
campo de control ES-MaACL
005 - FECHA Y HORA DE LA ÚLTIMA TRANSACCIÓN
campo de control 20250809063529.0
008 - DATOS DE LONGITUD FIJA--INFORMACIÓN GENERAL
campo de control de longitud fija 981016s1865 fr |||| | fre d
040 ## - FUENTE DE CATALOGACIÓN
Centro catalogador/agencia de origen CCPB | B
Lengua de catalogación spa
Centro/agencia transcriptor CCPB | B
100 1# - ENTRADA PRINCIPAL--NOMBRE DE PERSONA
Nombre de persona Laurent, Juan Emilio,
Fechas asociadas al nombre 1830-
9 (RLIN) 128742
245 13 - MENCIÓN DEL TÍTULO
Título Le paupérisme et les associations de prévoyance
Resto del título : nouvelles études sur les sociétés de secours mutuels /
Mención de responsabilidad, etc. par Émile Laurent.
250 ## - MENCION DE EDICION
Mención de edición 2e. éd. refoundue, considérablement augm. et accompagnée d'une Étude sur les sociétés coopératives ...
260 ## - PUBLICACIÓN, DISTRIBUCIÓN, ETC.
Lugar de publicación, distribución, etc. Paris :
Nombre del editor, distribuidor, etc. Guillaumin et Cie.,
Fecha de publicación, distribución, etc. 1865 (
Lugar de fabricación/manufactura Saint-Denis :
Fabricante typographie de A. Moulin)
300 ## - DESCRIPCIÓN FÍSICA
Extensión 2 v. ;
Dimensiones 22 cm.
650 #4 - PUNTO DE ACCESO ADICIONAL DE MATERIA--TÉRMINO DE MATERIA
Término de materia o nombre geográfico como elemento de entrada Pobreza.
9 (RLIN) 16143
651 #4 - PUNTO DE ACCESO ADICIONAL DE MATERIA--NOMBRE GEOGRÁFICO
Nombre geográfico Francia-
Subdivisión general Situación social.
9 (RLIN) 8718
752 ## - ENTRADA AGREGADA--NOMBRE JERÁRQUICO DEL LUGAR
País o entidad superior Francia -
Ciudad París
852 ## - LOCALIZACIÓN
Ubicación ES-MaACL
Número de control de estantería G-8136-8137
Nota libre -- Enc. hol.
Encuadernación -- Edic: Corregir T245: Es pauperisme, no paupenisme
Holdings
Estatus retirado Estado de pérdida Estado de daño No para préstamo Colección Biblioteca de origen Biblioteca actual Ubicación en estantería Fecha de adquisición Fuente de adquisición Total de préstamos Signatura topográfica completa Código de barras Visto por última vez Precio de reemplazo Tipo de ítem Koha
        Libros del s. XIX Biblioteca del Ateneo de Madrid Biblioteca del Ateneo de Madrid Sala Pecera Planta 3 17/01/2008     G-8136-8137 1164603 23/02/2023 23/02/2023 Libro impreso antiguo